La pareja / (Record no. 134817)

MARC details
000 -LEADER
campo de control de longitud fija 00672nam a2200229 i 4500
001 - NÚMERO DE CONTROL
campo de control 134817
003 - IDENTIFICADOR DE NÚMERO DE CONTROL
campo de control ES-MaACL
005 - FECHA Y HORA DE LA ÚLTIMA TRANSACCIÓN
campo de control 20250822035137.0
007 - CAMPO FIJO DE DESCRIPCIÓN FÍSICA--INFORMACIÓN GENERAL
campo de control de longitud fija t|
008 - DATOS DE LONGITUD FIJA--INFORMACIÓN GENERAL
campo de control de longitud fija 070629s1972 sp ||||1| spa d
080 ## - NÚMERO DE LA CLASIFICACIÓN DECIMAL UNIVERSAL
Número de la Clasificación Decimal Universal 159.922.1
080 ## - NÚMERO DE LA CLASIFICACIÓN DECIMAL UNIVERSAL
Número de la Clasificación Decimal Universal 159.42
100 1# - ENTRADA PRINCIPAL--NOMBRE DE PERSONA
Nombre de persona Thibault, Odette.
9 (RLIN) 109921
245 13 - MENCIÓN DEL TÍTULO
Título La pareja /
Mención de responsabilidad, etc. Odette Thibault ; [lo tradujo María Victoria Catalina].
260 ## - PUBLICACIÓN, DISTRIBUCIÓN, ETC.
Lugar de publicación, distribución, etc. Madrid :
Nombre del editor, distribuidor, etc. Guadarrama,
Fecha de publicación, distribución, etc. [1972]
300 ## - DESCRIPCIÓN FÍSICA
Extensión 207 p. ;
Dimensiones 18 cm.
650 #7 - PUNTO DE ACCESO ADICIONAL DE MATERIA--TÉRMINO DE MATERIA
Término de materia o nombre geográfico como elemento de entrada Psicología sexual
Fuente del encabezamiento o término embne
9 (RLIN) 16572
650 #7 - PUNTO DE ACCESO ADICIONAL DE MATERIA--TÉRMINO DE MATERIA
Término de materia o nombre geográfico como elemento de entrada Amor
Fuente del encabezamiento o término embne
9 (RLIN) 9754
700 1# - ENTRADA AGREGADA--NOMBRE PERSONAL
Nombre de persona Catalina, María Victoria.
9 (RLIN) 37036
852 ## - LOCALIZACIÓN
Ubicación ES-MaACL
Número de control de estantería C-52717
Sublocalización o colección R.82616
Holdings
Estatus retirado Estado de pérdida Estado de daño No para préstamo Biblioteca de origen Biblioteca actual Ubicación en estantería Fecha de adquisición Fuente de adquisición Total de préstamos Signatura topográfica completa Código de barras Visto por última vez Precio de reemplazo Tipo de ítem Koha
        Biblioteca del Ateneo de Madrid Biblioteca del Ateneo de Madrid Depósito 2 17/01/2008     C-52717 1140326 23/02/2023 23/02/2023 Libro impreso